| 000 | 00565nam a22001337a 4500 | ||
|---|---|---|---|
| 999 |
_c80341 _d80341 |
||
| 008 | 201130b ||||| |||| 00| 0 eng d | ||
| 040 |
_bger _cSTAFF _erda _aISIL EINTRAGEN |
||
| 245 |
_aLeser wählen Frankfurter des Jahres: _bAbstimmung: Sieben ehrenamtlich Tätige oder Bürger mit besonderen Leistungen stehen zur Wahl/ _chk |
||
| 773 |
_dFrankfurt (Oder): Märkisches Verlags- und Druckhaus GmbH & Co KG _g31. Jahrgang (2020) Nr. 286 vom 08.12.2020, S. 16 _tMärkische Oderzeitung |
||
| 942 | _cA | ||